Blueprint APEC Sub-Committee On Customs Procedures : (Record no. 4389)

000 -LEADER
fixed length control field nam a22 a 4500
005 - DATE AND TIME OF LATEST TRANSACTION
control field 20170529152001.0
008 - FIXED-LENGTH DATA ELEMENTS--GENERAL INFORMATION
fixed length control field 170529s2008 pe ||||| |||| 00| 0 eng d
040 ## - CATALOGING SOURCE
Original cataloging agency AKMAL
082 ## - DEWEY DECIMAL CLASSIFICATION NUMBER
Classification number 382.3091823 APE
090 ## - LOCALLY ASSIGNED LC-TYPE CALL NUMBER (OCLC); LOCAL CALL NUMBER (RLIN)
Classification number (OCLC) (R) ; Classification number, CALL (RLIN) (NR) 382.3091823
Local cutter number (OCLC) ; Book number/undivided call number, CALL (RLIN) APE
245 10 - TITLE STATEMENT
Title Blueprint APEC Sub-Committee On Customs Procedures :
Remainder of title a new commitment for the Asia-Pasific Development.
260 ## - PUBLICATION, DISTRIBUTION, ETC.
Place of publication, distribution, etc. [Peru] :
Name of publisher, distributor, etc. [Asia-Pasific Economic Cooperation],
Date of publication, distribution, etc. [2008]
300 ## - PHYSICAL DESCRIPTION
Extent 35 pages :
Other physical details col. ill.;
Dimensions 21cm
942 ## - ADDED ENTRY ELEMENTS (KOHA)
Source of classification or shelving scheme
Koha item type Book
950 ## - LOCAL HOLDINGS (RLIN)
Permanent shelving location, LOC (RLIN) AKMAL
Holdings
Withdrawn status Lost status Source of classification or shelving scheme Damaged status Not for loan Collection code Home library Current library Shelving location Date acquired Inventory number Total Checkouts Full call number Barcode Date last seen Price effective from Koha item type
          NON-FICTION AKMAL Melaka AKMAL Melaka RUJUKAN 29.05.2017 305707   382.3091823 APE 201706468 29.05.2017 29.05.2017 Book
Pusat Sumber Maklumat Dato' Haji Sarmin Md Hussin, Akademi Kastam Diraja Malaysia, Melaka
Tel: 06-2331106 | Faks: 06-2313787